| 000 | 00545nam a2200193Ia 4500 | ||
|---|---|---|---|
| 001 | 65764 | ||
| 008 | 221209n ii |||gr||||Z||||||asm | ||
| 020 | _a9788176655484 | ||
| 082 | _a891.41 | ||
| 100 | _aBorgohain, Homen. | ||
| 245 | 0 |
_aBharatiya aru europiya chinter mrityu _cEdited by Homen Borgohain _hTextual Documents |
|
| 250 | _aIst edn. | ||
| 260 |
_aGuwahati _bStudent`s Stores |
||
| 300 |
_a319pg: _c23cm. |
||
| 653 | _aAssamese | ||
| 653 | _aBharatiya aru europiya chinter mrityu | ||
| 653 | _aG-H B Collection | ||
| 942 |
_2ddc _cBK |
||
| 999 |
_c66857 _d66857 |
||